Mother tongue for teaching and learning/ (Record no. 7379)

MARC details
000 -LEADER
fixed length control field 00678nam a22002057a 4500
003 - CONTROL NUMBER IDENTIFIER
control field OSt
005 - DATE AND TIME OF LATEST TRANSACTION
control field 20260114062613.0
008 - FIXED-LENGTH DATA ELEMENTS--GENERAL INFORMATION
fixed length control field 260114b |||||||| |||| 00| 0 eng d
020 ## - INTERNATIONAL STANDARD BOOK NUMBER
International Standard Book Number 971-685-816-7
040 ## - CATALOGING SOURCE
Original cataloging agency DWC-Main lib
Transcribing agency OC
082 ## - DEWEY DECIMAL CLASSIFICATION NUMBER
Classification number Fil. 401.9 M918 2016
100 ## - MAIN ENTRY--PERSONAL NAME
Personal name Fina Felisa Alcudia
245 ## - TITLE STATEMENT
Title Mother tongue for teaching and learning/
Statement of responsibility, etc. Alcudia, Fina Felisa
260 ## - PUBLICATION, DISTRIBUTION, ETC.
Place of publication, distribution, etc. Quezon City :
Name of publisher, distributor, etc. Lorimar Publishing ,
Date of publication, distribution, etc. c2016.
300 ## - PHYSICAL DESCRIPTION
Extent vi, 246 pages :
Other physical details illustration;
Dimensions 26cm
650 ## - SUBJECT ADDED ENTRY--TOPICAL TERM
Topical term or geographic name entry element 1. Children- Language
650 ## - SUBJECT ADDED ENTRY--TOPICAL TERM
Topical term or geographic name entry element 2. Native language-- study and teaching-- Philippines
700 ## - ADDED ENTRY--PERSONAL NAME
Personal name [AND FIVE OTHERS]
942 ## - ADDED ENTRY ELEMENTS (KOHA)
Source of classification or shelving scheme Dewey Decimal Classification
Koha item type Book-Filipiniana
Call number prefix Fil.
Suppress in OPAC No
952 ## - LOCATION AND ITEM INFORMATION (KOHA)
--
952 ## - LOCATION AND ITEM INFORMATION (KOHA)
--
Holdings
Withdrawn status Lost status Source of classification or shelving scheme Damaged status Not for loan Home library Current library Shelving location Date acquired Source of acquisition Total Checkouts Full call number Barcode Date last seen Copy number Price effective from Koha item type Uniform Resource Identifier
    Dewey Decimal Classification     College Library College Library Filipiniana 02/24/2021 School Fund   Fil. 401.9 M918 2016 CL52684 01/14/2026 c2 01/14/2026 BK - FIL
    Dewey Decimal Classification     College Library College Library Filipiniana 02/24/2021 School Fund   Fil. 401.9 M918 2016 HSL20693 01/14/2026 c1 01/14/2026 BK - FIL